ბათუმის შოთა რუსთაველის სახელმწიფო უნივერსიტეტის ბიბლიოთეკა

ხევისბერი გოჩა. დრამა. პოემა (ბიბ.ჩანაწერი № 48402)

000 -LEADER
fixed length control field 00797nam a2200229Ia 4500
001 - CONTROL NUMBER
control field 15293
003 - CONTROL NUMBER IDENTIFIER
control field GE_BSU
008 - FIXED-LENGTH DATA ELEMENTS--GENERAL INFORMATION
fixed length control field 181216s||||||||xx |||||||||||||| ||und||
040 ## - CATALOGING SOURCE
Transcribing agency GE_BSU
080 ## - UNIVERSAL DECIMAL CLASSIFICATION NUMBER
Universal Decimal Classification number 821.353.1-2
100 ## - MAIN ENTRY--PERSONAL NAME
Personal name შანშიაშვილი,სანდრო
245 ## - TITLE STATEMENT
Title ხევისბერი გოჩა. დრამა. პოემა
245 ## - TITLE STATEMENT
Remainder of title ა.ყაზბეგის მოთხრობების მიხედვით
245 ## - TITLE STATEMENT
Statement of responsibility, etc. რედ.დ.ბენაშვილი
260 ## - PUBLICATION, DISTRIBUTION, ETC.
Place of publication, distribution, etc. თბილისი
260 ## - PUBLICATION, DISTRIBUTION, ETC.
Name of publisher, distributor, etc. საბჭოთა მწერალი
260 ## - PUBLICATION, DISTRIBUTION, ETC.
Date of publication, distribution, etc. 1945
300 ## - PHYSICAL DESCRIPTION
Extent 52გვ.18სმ.
653 ## - INDEX TERM--UNCONTROLLED
Uncontrolled term დრამა. პოემა
653 ## - INDEX TERM--UNCONTROLLED
Uncontrolled term ხევისბერი გოჩა
942 ## - ADDED ENTRY ELEMENTS (KOHA)
Koha item type წიგნი
ეგზემპლარები
Withdrawn status Lost status Damaged status Not for loan Date acquired Barcode Date last seen Price effective from Koha item type
        2018-12-17 38065 2018-12-17 2018-12-17 წიგნი
        2018-12-17 38066 2018-12-17 2018-12-17 წიგნი
        2018-12-17 38067 2018-12-17 2018-12-17 წიგნი